000 01318njm a22002777a 4500
005 20100906103429.0
006 a|||||r|||||00| 0
007 sd ammalaaahaa
008 100831t xxu||||| |||| 00| 0 eng d
028 _aN-53777
_bHis Master's Voice
035 _aGR-809
040 _aSED
_cSED
100 _aBhosle, Asha
_917690
245 _aApsara /
_cSung by Asha Bhosle [and] Talat Mahmood; music by Husnalal Bhagatram; lyric by Qamar Jalalabadi
_h[Sound Recording] :
246 _aअप्सरा / आशा भोसले द्वारा
260 _aDum Dum India
_bHis Master's Voice
300 _a1 sound disc (Gramophone Recording)
_banalog 33 1/3 rpm
_c9.5 in. (MP)
_fGramophone Record
500 _aBrief Record
505 _aSide-1 है जिंदगी इतनी हसीं (Hai jindgi itni hassen) (Asha Bhosle [and] Talat Mahmood) Side-2 अय दिल छेड़ कोई प्यार भरी दास्ताँ (Ay dil ched koi pyar bhari daastaan) (Asha Bhosle and Chorus)
650 _aMotion Picture Music
_xExcerpts
_zIndia
_917691
700 _aMahmood, Talat
_918470
700 _aBhagatram, Husnalal
_918471
700 _aJalalabadi, Qamar
_918472
942 _2ddc
_cGR
999 _c43881
_d43881